LIBRARY & INFORMATION CENTRE, KCAET, TAVANUR

ONLINE PUBLIC ACCESS CATALOGUE (OPAC)

Salaba Geetham / (Record no. 3993)

MARC details
000 -LEADER
fixed length control field 00434cam a2200193ua 4500
041 ## - LANGUAGE CODE
Language code of text/sound track or separate title mal
082 ## - DEWEY DECIMAL CLASSIFICATION NUMBER
Classification number 894.8121
Item number KAK/SA
100 ## - MAIN ENTRY--AUTHOR NAME
Personal name Kakkad, N N .
245 ## - TITLE STATEMENT
Title Salaba Geetham /
250 ## - EDITION STATEMENT
Edition statement 1 /
260 ## - PUBLICATION, DISTRIBUTION, ETC. (IMPRINT)
Place of publication Thrissur :
Name of publisher Current Books ,
Year of publication 1959.
300 ## - PHYSICAL DESCRIPTION
Number of Pages 79 ; .
942 ## - ADDED ENTRY ELEMENTS (KOHA)
Koha item type Books
Holdings
Withdrawn status Lost status Damaged status Home library Current library Date acquired Full call number Accession Number Koha item type
Withdrawn     KAUAET Malayalam University 07/04/2012 894.8121 9079 Books
Withdrawn     KAUAET Malayalam University 07/04/2012 894.8121 1691 Books
free website counter